Thái độ của phụ nữ bị bạo lực gia đình đối với vấn đề sức khỏe tinh thần và các yếu tố nhân khẩu /

Gorde:
Xehetasun bibliografikoak
Egile nagusia: Đỗ Ngọc Khanh.
Formatua: Artikulua
Hizkuntza:Vietnamese
Gaiak:
Etiketak: Etiketa erantsi
Etiketarik gabe, Izan zaitez lehena erregistro honi etiketa jartzen!
Thư viện lưu trữ: Thư viện Trường Đại học Đà Lạt
LEADER 00833nam a2200265 4500
001 DLU180186846
005 ##20180907
040 # # |a DLU  |b vie 
041 # # |a vie 
044 # # |a vn 
100 # # |a Đỗ Ngọc Khanh. 
245 # # |a Thái độ của phụ nữ bị bạo lực gia đình đối với vấn đề sức khỏe tinh thần và các yếu tố nhân khẩu /  |c Đỗ Ngọc Khanh. 
653 # # |a Bạo lực gia đình 
653 # # |a Phụ nữ 
653 # # |a Thái độ 
773 # # |t Tâm lý học  |g Số 11(224), 2017, tr. 49-62 
920 # # |a Phòng Tạp chí -- Trung tâm Thông tin - Thư viện Trường Đại học Đà Lạt 
994 # # |a DLU 
900 # # |a True 
911 # # |a Nguyễn Thị Thu Phương 
925 # # |a G 
926 # # |a A 
927 # # |a BB 
980 # # |a Thư viện Trường Đại học Đà Lạt